000 00627nam a22001697a 4500
005 20251108164725.0
008 250721s1990 xx 000 0 ara d
082 1 4 _a614.79309565/عاد
100 1 _aزيادات، عادل عواد
245 1 0 _aالبدايات الأولى للمستشفيات و المعالجة الطبية في شرق الأردن 1883-1946 /
264 1 _aإربد :
_bجامعة اليرموك - عمادة البحث العلمي و الدراسات العليا،
_c1990.
300 _a244ص
650 1 7 _aالمستشفيات
650 1 7 _aالأردن
942 _2ddc
_cBK
999 _c12760
_d12760